000 00815nam a22002417a 4500
005 20250319172155.0
008 250319b |||||||| |||| 00| 0 eng d
020 _a978-0-19-532817-2 (pbk)
037 _cTB
040 _aCRL
_cCRL
041 _2eng
_aeng
084 _aR694 P9
_qCRL
245 _aBuddhist Philosophy:
_bEssential readings
260 _aNew York, USA:
_bOxford University Press,
_c2009
300 _axix,457p.
365 _b3900.00
_cINR
650 _aPhilosophy
650 _aBuddhist Philosophy
700 _aEdelglass, Willam (Editor)
_9747414
700 _aGarfield, Jay L. (Editor)
_9747415
942 _2CC
_cTB
_hR694 P9
_n0
999 _c1269184
_d1269184